000 00716nam a22002411 4500
001 21197
003 BD-RjUL
005 20211209000647.0
008 140303s1962 nyu 000 0 eng
035 _a(BD-RjUL)21261
040 _aDLC
_cDLC
_dBD-RjUL
_beng
041 _aeng
082 0 0 _a901
_bJOW 1962
100 1 _aJohnson, A. H.
_q(Allison Heartz),
_d1910-
_965503
245 0 0 _aWhitehead's philosophy of civilization /
_cA. H. Johnson.
260 _aNew York :
_bDover Publications ,
_c1962.
300 _a211 p. :
_c22 cm.
600 1 0 _aWhitehead, Alfred North,
_d1861-1947.
_93429
650 0 _aCivilization
_xPhilosophy.
_93440
942 _2ddc
_cBK
999 _c21197
_d21197